Compo PSG finale LDC 2020 - Statistiques

Statistiques générales
  • Ce quiz a été pris 277 fois
  • Le résultat moyen est 10 sur 15
Statistiques - réponses
Poste Réponse % Correct
buteur Kylian Mbappé
99%
ailier gauche Neymar
99%
Gardien Keylor Navas
94%
milieu Marquinhos
89%
remplaçant Marco Verratti
83%
ailier droit Angel Di Maria
78%
Défenseur central Presnel Kimpembe
78%
Défenseur central Tiago Silva
73%
Latéral gauche Juan Bernat
59%
milieu Leandro Paredes
52%
remplaçant Layvin Kurzawa
41%
Latéral droit Tilo kehrer
41%
milieu Ander Herrera
35%
remplaçant Eric-Maxim Choupo Moting
35%
remplaçant Julian Draxler
35%
Aucun quiz correspondant
Distribution des résultats
% des personnes avec chaque résultat
Percentile par nombre de réponses
Votre historique - résultats
Vous n’avez pas pris ce quiz